Tratado elemental de derecho romano./ (Registro nro. 7948)
[ vista simple ]
| 000 -LEADER | |
|---|---|
| fixed length control field | 01436nam a2200217Ia 4500 |
| 005 - FECHA Y HORA DE LA ÚLTIMA TRANSACCIÓN | |
| control field | 20250626112734.0 |
| 008 - FIXED-LENGTH DATA ELEMENTS--GENERAL INFORMATION | |
| fixed length control field | 230425s9999 xx 000 0 und d |
| 020 ## - INTERNATIONAL STANDARD BOOK NUMBER | |
| International Standard Book Number | 9506793956 |
| 040 ## - CATALOGING SOURCE | |
| Original cataloging agency | UPAN |
| Transcribing agency | Biblioteca San Vicente |
| Description conventions | RCAA2 |
| 041 ## - LANGUAGE CODE | |
| Language code of text/sound track or separate title | spa |
| 082 ## - DEWEY DECIMAL CLASSIFICATION NUMBER | |
| Classification number | 340.54 |
| Item number | P489t |
| año de publicación | 2006 |
| 100 ## - MAIN ENTRY--PERSONAL NAME | |
| Personal name | Petit, Eugéne |
| Relator code | aut. |
| 245 #0 - TITLE STATEMENT | |
| Title | Tratado elemental de derecho romano./ |
| Statement of responsibility, etc | Eugène Petit |
| 250 ## - EDITION STATEMENT | |
| Edition statement | 3° ed. |
| 260 ## - PUBLICATION, DISTRIBUTION, ETC. (IMPRINT) | |
| Place of publication, distribution, etc | Buenos Aires: |
| Name of publisher, distributor, etc | Universidad, |
| Date of publication, distribution, etc | 2006 |
| 300 ## - PHYSICAL DESCRIPTION | |
| Extent | 712 p.; |
| Dimensions | 23 cm. |
| 505 ## - FORMATTED CONTENTS NOTE | |
| Formatted contents note | Primer Periodo: Desde la fundación de Roma a la ley de las XII tablas <br/>Segundo Periodo: Desde la ley de las XII tablas al fin de la Republica <br/>Tercer Periodo: Del advenimiento del imperio a la muerte de Alejandro Severo <br/>Cuarto Periodo: De la muerte de Alejandro Severo a la muerte de Justiano <br/><br/>Libro Primero: De las personas. Noticias generales. Divisiones <br/>Primera División: Esclavos y libres <br/>Segunda División: Personas "Alieni Juris"y "Sui Juris" <br/><br/>Libro Segundo: De las cosas. <br/>Primera Parte: De los derechos reales <br/>Segunda Parte: De los derechos de crédito u obligaciones <br/>Tercera Parte: De los modos de adquirir "per universitatem" <br/><br/>Libro Tercero: De las acciones <br/>Sección 1ª: De las acciones de la ley <br/>Sección 2ª: Del procedimiento formulario <br/>Sección 3ª del procedimiento extraordinario |
| 650 ## - SUBJECT ADDED ENTRY--TOPICAL TERM | |
| Source of heading or term | LEMB |
| General subdivision | Derecho Romano |
| 700 ## - ADDED ENTRY--PERSONAL NAME | |
| Personal name | Ferrández González, José |
| Relator code | tr. |
| 942 ## - ADDED ENTRY ELEMENTS (KOHA) | |
| Koha item type | Libros |
| Source of classification or shelving scheme | Dewey Decimal Classification |
| Withdrawn status | Lost status | Source of classification or shelving scheme | Damaged status | Not for loan | Collection code | Home library | Current library | Date acquired | Total Checkouts | Full call number | Barcode | Date last seen | Price effective from | Koha item type | Copy number |
|---|---|---|---|---|---|---|---|---|---|---|---|---|---|---|---|
| Dewey Decimal Classification | Colección General | Biblioteca UPAN San Vicente | Biblioteca UPAN San Vicente | 25/04/2023 | 340.54 P489t | 12000544 | 25/04/2023 | 25/04/2023 | Libros | ||||||
| Dewey Decimal Classification | Colección General | Biblioteca UPAN San Vicente | Biblioteca UPAN San Vicente | 26/04/2023 | 340.54 P489t | 12000546 | 26/04/2023 | 26/04/2023 | Libros | 01 | |||||
| Dewey Decimal Classification | Colección General | Biblioteca UPAN San Vicente | Biblioteca UPAN San Vicente | 26/04/2023 | 340.54 P489t | 12000545 | 26/04/2023 | 26/04/2023 | Libros | 02 |